00420nam a2200109Ia 4500008004100000082000800041100002500049245011800074942000600192952009700198999001500295240331s9999 xx 000 0 und d bSRI aSri Lanka foundation 0aSeminar on law enforcement agencies andtheir role in the implementation of the international bill of human rights cL 001040708LaWERCLbWERCLcSSCd2024-03-31l0o 323.4 SRIp5678r2024-03-31w2024-03-31yL c2506d2506